[Event "Istanbul ol (Men)"]
[Site "Istanbul"]
[Date "2000.10.29"]
[Round "2"]
[White "Hansen, Curt"]
[Black "Van Wely, Loek"]
[Result "1/2-1/2"]
[WhiteElo "2613"]
[BlackElo "2643"]
[PlyCount "66"]
[EventDate "2000.10.??"]
[Source "www.chesslib.no"]
[SourceDate "2004.05.04"]

1. Nf3 d5 2. d4 Nf6 3. c4 e6 4. g3 dxc4 5. Qa4+ Nbd7 6. Bg2 a6 7. Qxc4 b5 8. Qc6 Rb8 9. Bf4 Nd5 10. Bg5 Be7 11. Bxe7 Qxe7 12. Nc3 Bb7 13. Nxd5 Bxc6 14. Nxe7 Kxe7 15. Rc1 Bd5 16. Rxc7 Rhc8 17. Ra7 Ra8 18. Rxa8 Bxa8 19. Kd2 Nf6 20. Ne1 Bxg2 21. Nxg2 Rd8 22. e3 Ne4+ 23. Ke2 Rc8 24. Ne1 Rc1 25. Rg1 f5 26. f3 Nf6 27. Rg2 Nd5 28. e4 fxe4 29. fxe4 Nf6 30. Nd3 Rc4 31. Ne5 Rc2+ 32. Kf3 Rxg2 33. Kxg2 Nxe4 1/2-1/2

[Event "34th Olympiad, Istanbul TUR"]
[Site "?"]
[Date "2000.??.??"]
[Round "2"]
[White "Hansen, Cu"]
[Black "Van Wely, L."]
[Result "1/2-1/2"]
[WhiteElo "2610"]
[BlackElo "2640"]
[PlyCount "49"]
[EventDate "2000.??.??"]
[Source "www.chesslib.no"]
[SourceDate "2004.05.04"]

1. Nf3 d5 2. d4 Nf6 3. c4 e6 4. g3 dxc4 5. Qa4+ Nbd7 6. Bg2 a6 7. Qxc4 b5 8. Qc6 Rb8 9. Bf4 Nd5 10. Bg5 Qe7 11. Nc3 Bb7 12. Nxd5 Bxc6 13. Rc1 Bxd5 14. Bxe7 Kxe7 15. Rxc7 Rc8 16. Ra7 Ba8 17. Kd2 Rd8 18. e3 Rc8 19. Ke2 Rc1 20. Ne1 f5 21. e4 Rc4 22. Nd3 Rc2+ 23. Kf3 Rd2 24. Ne5 Rxf2+ 25. Kxf2 1/2-1/2

[Event "A.E. Axelsson Memorial 8493"]
[Site "A.E. Axelsson Memorial 8493"]
[Date "1984.??.??"]
[Round "?"]
[White "Sloth, Jorn"]
[Black "Oim, Tonu O"]
[Result "1/2-1/2"]
[WhiteElo "2635"]
[BlackElo "2565"]
[PlyCount "60"]
[EventDate "1984.??.??"]
[Source "www.chesslib.no"]
[SourceDate "2004.05.04"]

1. c4 e6 2. g3 d5 3. Nf3 Nf6 4. Bg2 dxc4 5. Qa4+ Nbd7 6. Qxc4 c5 7. O-O b6 8. d4 Bb7 9. Nc3 a6 10. dxc5 Bxc5 11. Bg5 h6 12. Bxf6 Nxf6 13. Qa4+ b5 14. Nxb5 Bc6 15. Qc4 Bxf2+ 16. Rxf2 Bxb5 17. Qf4 O-O 18. Ne5 Rb8 19. a4 Be8 20. Nd3 a5 21. Rc1 Qb6 22. Rc4 Bd7 23. b4 Nd5 24. Bxd5 exd5 25. Rd4 axb4 26. Rxb4 Qa7 27. Rxb8 Qxb8 28. Qxb8 Rxb8 29. Rf4 Ra8 30. Rd4 Rxa4 1/2-1/2

[Event "Akureyri"]
[Site "Akureyri"]
[Date "1994.??.??"]
[Round "?"]
[White "Petursson, Margeir"]
[Black "Hjartarson, Johann"]
[Result "0-1"]
[WhiteElo "2550"]
[BlackElo "2595"]
[PlyCount "60"]
[EventDate "1994.02.??"]
[Source "ChessBase"]

1. d4 Nf6 2. c4 e6 3. Nf3 d5 4. g3 dxc4 5. Qa4+ Nbd7 6. Bg2 a6 7. Qxc4 b5 8. Qb3 Bb7 9. a4 b4 10. O-O c5 11. Bg5 Bd5 12. Qe3 Qb6 13. Bxf6 Nxf6 14. Nbd2 Rd8 15. dxc5 Bxc5 16. Qf4 O-O 17. Nc4 Qb7 18. Rac1 h6 19. Na5 Qe7 20. Rc2 Rc8 21. Ne1 b3 22. Rc3 Bxg2 23. Kxg2 Nd5 24. Qe4 Nxc3 25. bxc3 b2 26. Nd3 Bb6 27. Nc4 f5 28. Qf4 g5 29. Qd6 Qxd6 30. Nxd6 Rc6 0-1

[Event "RUS-ch 54th"]
[Site "Elista"]
[Date "2001.05.09"]
[Round "9"]
[White "Vaulin, Alexander"]
[Black "Yakovich, Yuri"]
[Result "1-0"]
[WhiteElo "2540"]
[BlackElo "2577"]
[PlyCount "195"]
[EventDate "2001.04.29"]
[Source "ChessBase"]
[SourceDate "2001.07.05"]

1. d4 Nf6 2. c4 e6 3. g3 d5 4. Bg2 dxc4 5. Qa4+ Nbd7 6. Qxc4 a6 7. Qd3 c5 8. dxc5 Bxc5 9. Nf3 Ra7 10. Be3 O-O 11. O-O b6 12. Rd1 Bxe3 13. Qxe3 Rc7 14. Ne5 Qe7 15. Nxd7 Rxd7 16. Rxd7 Nxd7 17. Nc3 Qb4 18. b3 a5 19. Rd1 Nf6 20. Bf3 Bd7 21. Rd4 Qe7 22. Rd3 Rb8 23. Kg2 h6 24. h4 Be8 25. Nd5 Nxd5 26. Rxd5 Qc7 27. Rd2 Rc8 28. Rd3 b5 29. Qd2 b4 30. Rd4 Bb5 31. Rg4 Kf8 32. Rd4 Ke7 33. Qe3 Qc5 34. Qe4 Bc6 35. Qg4 Bxf3+ 36. exf3 Qe5 37. Rd2 Rc1 38. Qe4 Qb5 39. Rd3 Rc3 40. Rd1 Qc6 41. Qf4 Rc5 42. Qe3 f6 43. h5 Kf7 44. g4 Qc7 45. Rd4 Rd5 46. Rc4 Qb7 47. Qe4 Rd7 48. Rc6 Re7 49. Qg6+ Kf8 50. Qc2 Qb5 51. Rc5 Qb6 52. Qc4 Kf7 53. Rb5 Qa7 54. Rc5 Qb6 55. Rc6 Qd8 56. Qe4 Qd7 57. Ra6 Qd5 58. Qg6+ Kf8 59. Qc2 f5 60. gxf5 exf5 61. Rc6 f4 62. Rc8+ Re8 63. Rc5 Qd6 64. Rxa5 Kg8 65. Qg6 Qe7 66. Rf5 Ra8 67. Rxf4 Qg5+ 68. Rg4 Qxg6 69. hxg6 Rxa2 70. Rxb4 Kf8 71. Rf4+ Ke8 72. Re4+ Kd7 73. f4 Ra6 74. f5 Rf6 75. Re5 Rb6 76. Re3 Rf6 77. Rf3 Ke7 78. Kg3 Rb6 79. Re3+ Kf8 80. Kg4 Rb4+ 81. f4 Rd4 82. Rc3 Rd1 83. Rc8+ Ke7 84. Rc7+ Kf8 85. f6 gxf6 86. Kf5 Rd6 87. Rb7 Kg8 88. b4 h5 89. b5 h4 90. Rh7 Rb6 91. Rxh4 Kg7 92. Rh7+ Kg8 93. Re7 Kf8 94. Re6 Rxb5+ 95. Kxf6 Rb8 96. f5 Ra8 97. Rb6 Kg8 98. Kg5 1-0

[Event "Moskva (open)"]
[Site "?"]
[Date "1992.??.??"]
[Round "?"]
[White "Gleizerov, E."]
[Black "Serper, G."]
[Result "0-1"]
[WhiteElo "2540"]
[BlackElo "2575"]
[PlyCount "76"]
[EventDate "1992.??.??"]
[Source "ChessBase"]
[SourceDate "1992.10.01"]

1. d4 d5 2. c4 e6 3. Nf3 Nf6 4. g3 dxc4 5. Qa4+ Nbd7 6. Bg2 a6 7. Qxc4 b5 8. Qc6 Rb8 9. Bf4 Nd5 10. Bg5 Be7 11. Bxe7 Qxe7 12. Nc3 Bb7 13. Nxd5 Bxc6 14. Nxe7 Kxe7 15. Rc1 Rb6 16. O-O Rc8 17. Ng5 Bxg2 18. Kxg2 Rd6 19. e3 c5 20. dxc5 Rd5 21. c6 Ne5 22. Nf3 Nd3 23. Rcd1 Nxb2 24. Rxd5 exd5 25. Nd4 g6 26. Kf3 Nd3 27. a4 bxa4 28. Ra1 Nc5 29. g4 Kd6 30. Kf4 h6 31. h4 Rb8 32. h5 Rb4 33. hxg6 fxg6 34. Kg3 Nb3 35. Rb1 a5 36. Nc2 Rc4 37. Na3 Rxc6 38. Rh1 Kc5 0-1

[Event "HUN Team Ch"]
[Site "HUN"]
[Date "1993.??.??"]
[Round "?"]
[White "Csom, Istvan"]
[Black "Pinter, Jozsef"]
[Result "1/2-1/2"]
[WhiteElo "2520"]
[BlackElo "2580"]
[PlyCount "90"]
[EventDate "1993.??.??"]
[Source "www.chesslib.no"]
[SourceDate "2004.05.04"]

1. d4 Nf6 2. Nf3 d5 3. c4 e6 4. g3 dxc4 5. Qa4+ Nbd7 6. Bg2 a6 7. Qxc4 b5 8. Qc2 Bb7 9. O-O c5 10. dxc5 Bxc5 11. Nbd2 Rc8 12. Qd3 O-O 13. Nb3 Be4 14. Qd1 Bb4 15. Ne1 Ne5 16. Bg5 Bxg2 17. Kxg2 Qd5+ 18. Qxd5 Nxd5 19. Rd1 h6 20. Bc1 Nc4 21. Nd3 Be7 22. Nd4 Bf6 23. Nf3 a5 24. e4 Nb4 25. b3 Nxd3 26. Rxd3 Ne5 27. Nxe5 Bxe5 28. Bd2 b4 29. Rc1 Rfd8 30. Rxd8+ Rxd8 31. Rc2 Bd4 32. Kf3 Kf8 33. Ke2 Ke8 34. h3 Kd7 35. Rc4 Bb6 36. Bc1 h5 37. Bb2 g6 38. Be5 f5 39. Bd4 Bc7 40. Be3 Ra8 41. exf5 exf5 42. Kf3 Re8 43. g4 fxg4+ 44. hxg4 Rf8+ 45. Kg2 hxg4 1/2-1/2

[Event "Elenite"]
[Site "Elenite"]
[Date "1992.??.??"]
[Round "8"]
[White "Skembris, Spyridon"]
[Black "Razuvaev, Yuri S"]
[Result "1/2-1/2"]
[WhiteElo "2520"]
[BlackElo "2565"]
[PlyCount "50"]
[EventDate "1992.??.??"]
[Source "ChessBase"]

1. Nf3 Nf6 2. c4 e6 3. g3 d5 4. d4 dxc4 5. Qa4+ Nbd7 6. Bg2 a6 7. Qxc4 c5 8. O-O b5 9. Qd3 Bb7 10. Bg5 h6 11. Bxf6 Nxf6 12. Rd1 c4 13. Qc2 Be7 14. Nc3 Qc7 15. a3 O-O 16. e4 Rfd8 17. Rd2 Rab8 18. Rad1 Bc8 19. Ne5 Bb7 20. h3 Rbc8 21. Kh2 Qb8 22. f4 Nd7 23. Nf3 b4 24. axb4 Bxb4 25. Re2 Nf6 1/2-1/2

[Event "Petrov mem"]
[Site "St Petersburg"]
[Date "1996.??.??"]
[Round "6"]
[White "Krogius, Nikolai V"]
[Black "Korneev, Oleg"]
[Result "1/2-1/2"]
[WhiteElo "2490"]
[BlackElo "2590"]
[PlyCount "122"]
[EventDate "1996.02.??"]
[Source "ChessBase"]

1. d4 d5 2. c4 e6 3. Nf3 Nf6 4. g3 dxc4 5. Qa4+ Nbd7 6. Bg2 a6 7. Qxc4 b5 8. Qc2 Bb7 9. O-O c5 10. a4 cxd4 11. Nxd4 Bxg2 12. Kxg2 Rc8 13. Qd1 b4 14. Nd2 Be7 15. N2f3 O-O 16. Bg5 h6 17. Bxf6 Bxf6 18. Qd2 a5 19. Rad1 Nb6 20. b3 Rc3 21. Qa2 Qc8 22. Rd2 e5 23. Nb5 e4 24. Nfd4 e3 25. fxe3 Nd5 26. Nf5 Nxe3+ 27. Nxe3 Rxe3 28. Rf3 Bg5 29. Rd3 Re5 30. Nd6 Qe6 31. e3 Rd8 32. Qd2 Qg6 33. Nf5 Rde8 34. Rd6 Bf6 35. Nxg7 Rc8 36. Nh5 Rc2 37. Nxf6+ Kg7 38. Nh5+ Kf8 39. Rxg6 Rxd2+ 40. Kg1 Rxh5 41. Rgf6 Rhxh2 42. Rxf7+ Ke8 43. Rf2 Rhxf2 44. Rxf2 Rd3 45. Rf5 Rxe3 46. Rxa5 Rxg3+ 47. Kh2 Rxb3 48. Rb5 Kd7 49. Rb6 h5 50. a5 Kc7 51. Kg2 h4 52. Kh2 h3 53. Rg6 Kb7 54. Rb6+ Ka7 55. Rf6 Rc3 56. Rb6 b3 57. Kh1 Re3 58. Kh2 Rd3 59. Kh1 Rd1+ 60. Kh2 Rd8 61. Rxb3 Ka6 1/2-1/2

[Event "Rishon Le Ziyyon 9798"]
[Site "Rishon Le Ziyyon"]
[Date "1997.12.31"]
[Round "7"]
[White "Zilberman, Yaacov"]
[Black "Soffer, Ram"]
[Result "1/2-1/2"]
[WhiteElo "2560"]
[BlackElo "2520"]
[PlyCount "64"]
[EventDate "1997.12.25"]
[Source "ChessBase"]
[SourceDate "1998.03.09"]

1. d4 e6 2. Nf3 Nf6 3. c4 d5 4. g3 dxc4 5. Qa4+ Nbd7 6. Bg2 a6 7. Qxc4 b5 8. Qc6 Rb8 9. Bf4 Nd5 10. Bg5 Be7 11. Bxe7 Qxe7 12. Nc3 Bb7 13. Nxd5 Bxc6 14. Nxe7 Kxe7 15. Rc1 Rb6 16. O-O Rc8 17. Nd2 Bxg2 18. Kxg2 c5 19. dxc5 Rxc5 20. Rxc5 Nxc5 21. Rc1 Rd6 22. Rc2 Kd7 23. h4 h6 24. f4 f6 25. b3 Rc6 26. h5 Nb7 27. Rb2 Nd6 28. b4 f5 29. Nf3 Nc4 30. Rb3 Rd6 31. Kf2 Rd5 32. Ke1 Ke7 1/2-1/2

[Event "ARM-ch"]
[Site "Yerevan"]
[Date "2001.09.15"]
[Round "3"]
[White "Sargissian, Gabriel"]
[Black "Aronian, Levon"]
[Result "0-1"]
[WhiteElo "2514"]
[BlackElo "2562"]
[PlyCount "66"]
[EventDate "2001.09.13"]
[Source "ChessBase"]
[SourceDate "2001.02.01"]

1. Nf3 e6 2. c4 Nf6 3. g3 d5 4. d4 dxc4 5. Qa4+ Nbd7 6. Bg2 a6 7. Qxc4 b5 8. Qc2 Bb7 9. Bg5 c5 10. O-O cxd4 11. Nxd4 Bxg2 12. Kxg2 Rc8 13. Qd1 h6 14. Bd2 Qb6 15. Nf3 Qb7 16. Ba5 e5 17. e3 Nb8 18. Nbd2 Be7 19. Nb3 O-O 20. Qe2 Qe4 21. Bc3 Nc6 22. Rac1 b4 23. Bd2 Nd4 24. Nbxd4 exd4 25. Qxa6 Rxc1 26. Rxc1 g5 27. h3 h5 28. Qb5 Nd5 29. Rc4 g4 30. hxg4 hxg4 31. Rxd4 gxf3+ 32. Kh3 Qf5+ 33. g4 Nf4+ 0-1

[Event "Mislata op 8th"]
[Site "?"]
[Date "1999.??.??"]
[Round "9"]
[White "Veingold Aleksandr"]
[Black "Korneev Oleg"]
[Result "1/2-1/2"]
[WhiteElo "2460"]
[BlackElo "2615"]
[PlyCount "53"]
[EventDate "1999.??.??"]
[Source "www.chesslib.no"]
[SourceDate "2004.05.04"]

1. d4 d5 2. Nf3 Nf6 3. c4 e6 4. g3 dxc4 5. Qa4+ Nbd7 6. Bg2 a6 7. Qxc4 c5 8. O-O b5 9. Qd3 Bb7 10. Nc3 cxd4 11. Nxd4 Ne5 12. Qd1 Qb6 13. Nf3 Nxf3+ 14. Bxf3 Rd8 15. Be3 Bc5 16. Bxc5 Qxc5 17. Qc1 Bxf3 18. exf3 O-O 19. Rd1 Qf5 20. Qe3 h6 21. Qe2 Rxd1+ 22. Rxd1 Rc8 23. a4 Rc5 24. axb5 axb5 25. Rd4 g5 26. Kg2 Kg7 27. h4 1/2-1/2

[Event "Lone Pine op"]
[Site "Lone Pine"]
[Date "1975.??.??"]
[Round "10"]
[White "Gheorghiu, Florin"]
[Black "Evans, Larry Melvyn"]
[Result "1/2-1/2"]
[WhiteElo "2540"]
[BlackElo "2530"]
[PlyCount "27"]
[EventDate "1975.??.??"]
[Source "ChessBase"]

1. d4 Nf6 2. c4 e6 3. g3 d5 4. Bg2 dxc4 5. Qa4+ Nbd7 6. Qxc4 a6 7. Qc2 c5 8. Nf3 b5 9. dxc5 Bxc5 10. Nbd2 Bb7 11. Nb3 Bb6 12. O-O Rc8 13. Qd1 O-O 14. Bd2 1/2-1/2

[Event "EUCup prel"]
[Site "Solingen GER"]
[Date "1989.10.11"]
[Round "2.2"]
[White "Simic, Radoslav"]
[Black "Huebner, Robert"]
[Result "1-0"]
[WhiteElo "2465"]
[BlackElo "2605"]
[PlyCount "101"]
[EventDate "1989.10.10"]
[Source "www.chesslib.no"]
[SourceDate "2004.05.04"]

1. d4 d5 2. Nf3 Nf6 3. c4 dxc4 4. Qa4+ Nbd7 5. Qxc4 e6 6. g3 a6 7. Bg2 b5 8. Qc2 Bb7 9. O-O c5 10. a4 Rc8 11. axb5 axb5 12. dxc5 Bxc5 13. Qb3 b4 14. Bg5 Bd5 15. Qd3 h6 16. Be3 O-O 17. Nbd2 Qb6 18. Bxc5 Rxc5 19. Rfc1 Rfc8 20. Rxc5 Rxc5 21. Ne1 Bxg2 22. Kxg2 Qc6+ 23. Qf3 Nd5 24. Nd3 Rc2 25. Nb3 Qb7 26. Kg1 Qb8 27. Qe4 N7f6 28. Qf3 e5 29. Nbc5 Rc4 30. Nd7 e4 31. Nxb8 exf3 32. exf3 Rc2 33. Na6 g5 34. Rb1 Rc4 35. Kf1 h5 36. Rc1 Rd4 37. Ke2 g4 38. Rc8+ Kg7 39. Nac5 gxf3+ 40. Kxf3 Nb6 41. Rc6 Nc4 42. Rc7 Kf8 43. b3 Nd6 44. h3 Ke8 45. Ra7 Nd5 46. Ne5 Rd1 47. Ne4 Nb5 48. Rd7 Nbc3 49. Nd6+ Kf8 50. Rxf7+ Kg8 51. Nf5 1-0

[Event "RUS-Cup5"]
[Site "Ekaterinburg"]
[Date "1997.??.??"]
[Round "3"]
[White "Vaulin, Alexander"]
[Black "Yakovich, Yuri"]
[Result "1/2-1/2"]
[WhiteElo "2490"]
[BlackElo "2575"]
[PlyCount "42"]
[EventDate "1997.02.13"]
[Source "ChessBase"]

1. Nf3 d5 2. d4 Nf6 3. c4 e6 4. g3 dxc4 5. Qa4+ Nbd7 6. Bg2 a6 7. Qxc4 b5 8. Qc6 Rb8 9. Bf4 Nd5 10. Bg5 Be7 11. Bxe7 Qxe7 12. Nc3 Bb7 13. Nxd5 Bxc6 14. Nxe7 Kxe7 15. Rc1 Rb6 16. O-O Rc8 17. Ng5 Bxg2 18. Kxg2 Rd6 19. e3 c5 20. dxc5 Rd5 21. c6 Rxg5 1/2-1/2

[Event "Albacete IM-A"]
[Site "Albacete"]
[Date "2000.??.??"]
[Round "2"]
[White "Pogorelov, Ruslan"]
[Black "Korneev, Oleg"]
[Result "1/2-1/2"]
[WhiteElo "2445"]
[BlackElo "2619"]
[PlyCount "88"]
[EventDate "2000.09.05"]
[Source "ChessBase"]
[SourceDate "2000.11.10"]

1. Nf3 d5 2. d4 Nf6 3. c4 e6 4. g3 dxc4 5. Qa4+ Nbd7 6. Bg2 a6 7. Qxc4 b5 8. Qc6 Ra7 9. Bf4 Bb7 10. Qc2 c5 11. dxc5 Bxc5 12. O-O O-O 13. Nbd2 Nd5 14. Nb3 Nxf4 15. gxf4 Bb6 16. Rfd1 Qe7 17. Rac1 h6 18. Nbd4 Rd8 19. e3 Nb8 20. Ne5 Bxd4 21. Rxd4 Rxd4 22. exd4 Bxg2 23. Kxg2 Qd6 24. Qc5 Qxc5 25. Rxc5 Kh7 26. Rc8 Rb7 27. Nxf7 Rxf7 28. Rxb8 Rxf4 29. Rd8 a5 30. Rd6 g5 31. Rxe6 Rxd4 32. Re5 Rb4 33. b3 a4 34. bxa4 bxa4 35. Ra5 Kg6 36. h3 h5 37. Kg3 Rc4 38. Kg2 Kf6 39. Kg3 Rc3+ 40. f3 Ra3 41. Ra6+ Ke5 42. Ra5+ Kf6 43. Ra6+ Ke7 44. Ra5 Kf6 1/2-1/2

[Event "Moscow 5'"]
[Site "Moscow RUS"]
[Date "1971.??.??"]
[Round "?"]
[White "Antoshin, Vladimir S"]
[Black "Karpov, Anatoly"]
[Result "0-1"]
[WhiteElo "2520"]
[BlackElo "2540"]
[PlyCount "94"]
[EventDate "1971.??.??"]
[Source "www.chesslib.no"]
[SourceDate "2004.05.04"]

1. d4 Nf6 2. c4 e6 3. Nf3 d5 4. g3 dxc4 5. Qa4+ Nbd7 6. Bg2 a6 7. Qxc4 b5 8. Qc6 Rb8 9. O-O Bb7 10. Qc2 c5 11. dxc5 Bxc5 12. Nc3 Rc8 13. Qb3 O-O 14. Bf4 Qb6 15. Rad1 Be7 16. Be3 Qa5 17. a3 Nc5 18. Qa2 Nce4 19. Nxe4 Bxe4 20. Bd4 b4 21. Ra1 bxa3 22. bxa3 Rc2 23. Qb3 Rxe2 24. Bc3 Qd5 25. Qxd5 Nxd5 26. Bd4 Rc2 27. Rfc1 Rfc8 28. Rxc2 Bxc2 29. Ne5 f6 30. Bxd5 exd5 31. Ng4 Be4 32. Ne3 Bd6 33. Kf1 Bf3 34. Ke1 Be5 35. Bxe5 fxe5 36. Kd2 Kf7 37. Rb1 Rc6 38. Rb7+ Kg6 39. g4 Be4 40. h4 d4 41. Nf5 Bxf5 42. gxf5+ Kf6 43. Kd3 Kxf5 44. Rxg7 Rc3+ 45. Kd2 Rxa3 46. Rxh7 Ke4 47. h5 Ra2+ 0-1

[Event "9th HIT Open"]
[Site "Nova Gorica"]
[Date "2004.02.04"]
[Round "8"]
[White "Kveinys, Aloyzas"]
[Black "Kovacevic, Aleksandar"]
[Result "1/2-1/2"]
[WhiteElo "2511"]
[BlackElo "2541"]
[PlyCount "37"]
[EventDate "2004.01.30"]
[Source "Roberto Alvarez"]
[SourceDate "2004.02.09"]

1. d4 Nf6 2. c4 e6 3. g3 d5 4. Nf3 dxc4 5. Qa4+ Nbd7 6. Bg2 a6 7. Qxc4 b5 8. Qc6 Rb8 9. Bf4 Nd5 10. Bg5 Be7 11. Bxe7 Qxe7 12. Nc3 Nb4 13. Qe4 Bb7 14. Qb1 c5 15. O-O cxd4 16. Nxd4 Bxg2 17. Kxg2 Nf6 18. a3 Nc6 19. Nxc6 1/2-1/2

[Event "otb"]
[Site "otb"]
[Date "2007.03.11"]
[Round "8"]
[White "Kurajica Bojan"]
[Black "Kolev Atanas"]
[Result "1/2-1/2"]
[WhiteElo "2549"]
[BlackElo "2502"]
[PlyCount "40"]
[Source "www.chesslib.no"]
[SourceDate "2004.05.04"]

1. d4 Nf6 2. Nf3 d5 3. c4 e6 4. g3 dxc4 5. Qa4+ Nbd7 6. Qxc4 a6 7. Bg2 c5 8. Qc2 b6 9. dxc5 Bxc5 10. Nd4 Nd5 11. Nb3 Bb7 12. O-O Be7 13. Nc3 Rc8 14. Qd3 Ne5 15. Qd2 Nc4 16. Qd3 Ne5 17. Qd2 Nc4 18. Qd3 Ne5 19. Qe4 Bf6 20. Nxd5 Bxd5 1/2-1/2

[Event "CCCA"]
[Site "?"]
[Date "1996.07.15"]
[Round "?"]
[White "Brglez Francisek (SLO)"]
[Black "DeMauro Joseph A.(USA)"]
[Result "1/2-1/2"]
[WhiteElo "2495"]
[BlackElo "2555"]
[PlyCount "34"]
[EventDate "1996.??.??"]
[Source "www.chesslib.no"]
[SourceDate "2004.05.04"]

1. Nf3 d5 2. c4 dxc4 3. Qa4+ Nd7 4. Qxc4 a6 5. d4 e6 6. g3 Ngf6 7. Bg2 c5 8. Qc2 cxd4 9. Nxd4 Ne5 10. Nb3 Bb4+ 11. Bd2 Bxd2+ 12. N1xd2 O-O 13. O-O Rb8 14. Qc3 Ng6 15. Rfd1 Qe7 16. Ne4 Nd5 17. Qd2 b6 1/2-1/2

[Event "RUS-ch51"]
[Site "St Petersburg"]
[Date "1998.07.30"]
[Round "3"]
[White "Tunik, Gennady"]
[Black "Yakovich, Yuri"]
[Result "1-0"]
[WhiteElo "2480"]
[BlackElo "2560"]
[PlyCount "77"]
[EventDate "1998.07.28"]
[Source "ChessBase"]
[SourceDate "1998.11.30"]

1. d4 Nf6 2. c4 e6 3. Nf3 d5 4. g3 dxc4 5. Qa4+ Nbd7 6. Bg2 a6 7. Qxc4 b5 8. Qc6 Ra7 9. O-O Bb7 10. Qc2 c5 11. a4 Qa8 12. Bg5 cxd4 13. Bxf6 gxf6 14. Nbd2 b4 15. Bh3 Bc5 16. Nb3 Be4 17. Qd1 d3 18. Nfd2 dxe2 19. Qxe2 Bd5 20. Nxc5 Nxc5 21. Rfc1 Nd7 22. Qg4 a5 23. Bf1 Ke7 24. Qd4 Rd8 25. Rc2 Qb8 26. Re1 Rc7 27. Qd3 Ne5 28. Qxh7 Bb3 29. Rxc7+ Qxc7 30. Rxe5 Rxd2 31. Re3 Rxb2 32. Qe4 Bxa4 33. h4 Qc6 34. Qd4 Rb1 35. Rd3 Kf8 36. Qxf6 Rxf1+ 37. Kxf1 Bb5 38. Qh8+ Ke7 39. Qd8# 1-0

[Event "RUS Team Ch"]
[Site "Podolsk RUS"]
[Date "1992.??.??"]
[Round "?"]
[White "Vladimirov, Evgeny Y"]
[Black "Panchenko, Alexander N"]
[Result "1/2-1/2"]
[WhiteElo "2575"]
[BlackElo "2460"]
[PlyCount "80"]
[EventDate "1992.??.??"]
[Source "www.chesslib.no"]
[SourceDate "2004.05.04"]

1. d4 Nf6 2. Nf3 d5 3. c4 e6 4. g3 dxc4 5. Qa4+ Nbd7 6. Bg2 a6 7. Qxc4 b5 8. Qd3 Bb7 9. O-O c5 10. a4 bxa4 11. Nc3 cxd4 12. Qxd4 Nc5 13. Rd1 Qxd4 14. Nxd4 O-O-O 15. Bh3 Nb3 16. Rxa4 Rxd4 17. Raxd4 Nxd4 18. Rxd4 Be7 19. Bf4 Bc6 20. Bg2 Kb7 21. Bxc6+ Kxc6 22. Rc4+ Kb6 23. Rc7 Re8 24. b3 Nd5 25. Nxd5+ exd5 26. Rd7 Kc6 27. Ra7 Kb5 28. Be3 Bf6 29. Rb7+ Kc6 30. Rb6+ Kd7 31. Kf1 Rd8 32. Rb7+ Ke6 33. g4 Be5 34. f4 Rb8 35. f5+ Kf6 36. h4 h6 37. Ra7 Rxb3 38. Rxa6+ Ke7 39. Ra7+ Ke8 40. Bc5 Bf6 1/2-1/2

[Event "RUS-Cup"]
[Site "Tula "]
[Date "1999.??.??"]
[Round "7"]
[White "Temirbaev, Serik"]
[Black "Shariyazdanov, Andrey"]
[Result "1/2-1/2"]
[WhiteElo "2490"]
[BlackElo "2539"]
[PlyCount "71"]
[EventDate "1999.??.??"]
[Source "www.chesslib.no"]
[SourceDate "2004.05.04"]

1. d4 Nf6 2. c4 e6 3. g3 d5 4. Bg2 dxc4 5. Qa4+ Nbd7 6. Qxc4 a6 7. Qc2 c5 8. Nf3 b6 9. Ne5 Nd5 10. Nxd7 Qxd7 11. dxc5 Bxc5 12. O-O Bb7 13. a3 Rc8 14. e4 Ne3 15. Bxe3 Bxe3 16. Nc3 Bd4 17. Rad1 e5 18. Qd2 Bc6 19. h4 O-O 20. Kh2 Qb7 21. Nd5 f5 22. f4 fxe4 23. fxe5 Rxf1 24. Rxf1 Bxe5 25. Bxe4 Re8 26. Bg2 h6 27. b4 Kh8 28. Nf4 Bxg2 29. Qxg2 Qxg2+ 30. Kxg2 Bb2 31. Nd3 Bf6 32. Re1 Rc8 33. Re6 Rc3 34. Nf4 Rxa3 35. Rxb6 Kg8 36. b5 1/2-1/2

[Event "Chessfriend.com"]
[Site "?"]
[Date "2003.12.03"]
[Round "1"]
[White "Massimini Gerbino Massimilian"]
[Black "Gutsche Dieter"]
[Result "0-1"]
[WhiteElo "2388"]
[BlackElo "2639"]
[PlyCount "96"]
[EventDate "2003.??.??"]
[Source "www.chesslib.no"]
[SourceDate "2004.05.04"]

1. d4 Nf6 2. c4 e6 3. g3 d5 4. Bg2 dxc4 5. Qa4+ Nbd7 6. Qxc4 c5 7. Nf3 a6 8. O-O b5 9. Qc2 Bb7 10. dxc5 Bxc5 11. a3 Rc8 12. Nc3 O-O 13. Bg5 h6 14. Bxf6 Nxf6 15. e3 Rc7 16. Qe2 Qa8 17. Rfc1 Rfc8 18. Nd1 Ne4 19. Ne1 Be7 20. Rxc7 Rxc7 21. f3 Nd6 22. f4 Bxg2 23. Qxg2 Qxg2+ 24. Kxg2 Nc4 25. a4 Rd7 26. axb5 axb5 27. Nf2 Nxe3+ 28. Kf3 Nc4 29. Ra8+ Rd8 30. Rxd8+ Bxd8 31. Nc2 Bf6 32. b4 Kf8 33. Ke2 Ke7 34. Kd3 Kd7 35. Nd4 Bxd4 36. Kxd4 Kc6 37. Nd3 Kd6 38. Nc5 Nb6 39. Nb7+ Kc7 40. Na5 Nd7 41. Nb3 Kd6 42. Kc3 Nf6 43. Nd4 Nd5+ 44. Kd2 Nc7 45. Kd3 f5 46. h4 g6 47. Nf3 Nd5 48. Nd4 Nxb4+ 0-1

[Event "RUS-Cup10"]
[Site "Tomsk"]
[Date "1997.07.30"]
[Round "8"]
[White "Peregudov, Nickolai"]
[Black "Yakovich, Yuri"]
[Result "1/2-1/2"]
[WhiteElo "2415"]
[BlackElo "2610"]
[PlyCount "50"]
[EventDate "1997.07.21"]
[Source "www.chesslib.no"]
[SourceDate "2004.05.04"]

1. d4 Nf6 2. Nf3 d5 3. c4 e6 4. g3 dxc4 5. Qa4+ Nbd7 6. Bg2 a6 7. Qxc4 b5 8. Qc6 Ra7 9. a4 Bb7 10. Qc2 Be4 11. Qd1 b4 12. Nbd2 Bd5 13. O-O c5 14. e3 Qa8 15. Qe2 Be7 16. Re1 cxd4 17. exd4 O-O 18. Bf1 Rc8 19. Qe3 Rac7 20. Bd3 b3 21. Qe2 Rc6 22. Rd1 Bb4 23. Ne1 h6 24. Ndf3 Rc2 25. Bxc2 bxc2 1/2-1/2

[Event "ISL-FRA"]
[Site "Reykjavik"]
[Date "1993.??.??"]
[Round "6"]
[White "Bricard, Emmanuel"]
[Black "Petursson, Margeir"]
[Result "0-1"]
[WhiteElo "2460"]
[BlackElo "2560"]
[PlyCount "100"]
[EventDate "1993.??.??"]
[Source "ChessBase"]

1. Nf3 Nf6 2. c4 e6 3. g3 d5 4. d4 dxc4 5. Qa4+ Nbd7 6. Bg2 a6 7. Qxc4 b5 8. Qc2 Bb7 9. O-O c5 10. a4 Be4 11. Qd1 Bc6 12. Bg5 Be7 13. dxc5 Bxc5 14. Bxf6 Nxf6 15. Qxd8+ Rxd8 16. Rc1 Bxf3 17. Bxf3 Bd4 18. Rc2 O-O 19. axb5 axb5 20. e3 Be5 21. Ra5 Rc8 22. Nc3 Bxc3 23. Rxc3 Rxc3 24. bxc3 Rb8 25. Kf1 Kf8 26. Ke2 Rb6 27. Kd3 Nd7 28. Kc2 Ke7 29. Be2 b4 30. Bb5 Ne5 31. Ra7+ Kf8 32. c4 b3+ 33. Kc3 Rd6 34. Ra1 Ke7 35. Kb4 b2 36. Rb1 Nd3+ 37. Kb3 Nxf2 38. Rxb2 Nd3 39. Rc2 Nc5+ 40. Kb4 Nd3+ 41. Kc3 Nc5 42. Ra2 Rd3+ 43. Kc2 Rxe3 44. Ra7+ Kf6 45. Be8 Ke5 46. Rxf7 Kd4 47. Rxg7 Re2+ 48. Kd1 Rxh2 49. Ke1 e5 50. g4 e4 0-1

[Event "St Petersburg"]
[Site "St Petersburg RUS"]
[Date "1994.??.??"]
[Round "?"]
[White "Peregudov, Nickolai"]
[Black "Smagin, Sergey B"]
[Result "0-1"]
[WhiteElo "2470"]
[BlackElo "2545"]
[PlyCount "38"]
[EventDate "1994.??.??"]
[Source "www.chesslib.no"]
[SourceDate "2004.05.04"]

1. d4 Nf6 2. c4 e6 3. Nf3 d5 4. g3 dxc4 5. Qa4+ Nbd7 6. Bg2 a6 7. Qxc4 b5 8. Qc2 Bb7 9. O-O c5 10. a4 cxd4 11. axb5 axb5 12. Rxa8 Qxa8 13. Na3 Bxa3 14. bxa3 O-O 15. Qb2 d3 16. Qxb5 dxe2 17. Qxe2 Ba6 18. Qd1 Bxf1 19. Qxf1 Qa4 0-1

[Event "Tungsram"]
[Site "Budapest"]
[Date "1977.??.??"]
[Round "?"]
[White "Spassov, Liuben"]
[Black "Csom, Istvan"]
[Result "1/2-1/2"]
[WhiteElo "2480"]
[BlackElo "2535"]
[PlyCount "39"]
[EventDate "1977.08.??"]
[Source "ChessBase"]

1. Nf3 Nf6 2. c4 e6 3. g3 d5 4. d4 dxc4 5. Qa4+ Nbd7 6. Qxc4 a6 7. Bg2 b5 8. Qc2 Bb7 9. O-O c5 10. a4 Qb6 11. axb5 axb5 12. Rxa8+ Bxa8 13. Nbd2 Bb7 14. dxc5 Bxc5 15. Nb3 Be4 16. Qd1 Be7 17. Be3 Qb7 18. Qd2 O-O 19. Rc1 h6 20. Ne1 1/2-1/2